AN URGENT MESSAGE OF WOWNESS (Record no. 6186)
[ view plain ]
| 000 -LEADER | |
|---|---|
| fixed length control field | 00550nam a22001337a 4500 |
| 020 ## - INTERNATIONAL STANDARD BOOK NUMBER | |
| ISBN | 978-1-407116-16-7 |
| 082 ## - DEWEY DECIMAL CLASSIFICATION NUMBER | |
| Classification number | 823 |
| Item number | MCO/U |
| 100 ## - MAIN ENTRY--AUTHOR NAME | |
| Personal name | MÇOMBIE KAREN |
| 245 ## - TITLE STATEMENT | |
| Title | AN URGENT MESSAGE OF WOWNESS |
| 260 ## - PUBLICATION, DISTRIBUTION, ETC. (IMPRINT) | |
| Place of publication | LONDON |
| Name of publisher | SCHOLASTIC HILDRENS BOOK |
| Year of publication | 2009 |
| 300 ## - PHYSICAL DESCRIPTION | |
| Number of Pages | 199 |
| 520 ## - SUMMARY, ETC. | |
| Summary, etc | Heather thinks everyone in her family comes from Planet Perfect. Then dad drops a bombshell, and the world turns upside down. Life becomes surprising, exciting and just a little bit mad. But in this topsy-turvy new family, will Heather still fit in? |
| 942 ## - ADDED ENTRY ELEMENTS (KOHA) | |
| Koha item type | Books |
| Withdrawn status | Lost status | Collection code | Home library | Current library | Shelving location | Date acquired | Source of acquisition | Full call number | Accession Number | Koha item type |
|---|---|---|---|---|---|---|---|---|---|---|
| Fiction | Main Library | Main Library | SHELF 15-K-CHILDREN'S STORYBOOKS | 14/03/2014 | Purchase | 823 MCO/U | 07940 | Books |